Valores de las formas verbales en el español de México
Salvato in:
| Autore principale: | |
|---|---|
| Natura: | Libro |
| Lingua: | spagnolo |
| Pubblicazione: |
Ciudad de México
Universidad Nacional Autónoma de México
1978
|
| Edizione: | 1a. ed |
| Soggetti: | |
| Tags: |
Aggiungi Tag
Nessun Tag, puoi essere il primo ad aggiungerne!!
|
MARC
| LEADER | 00000nam a2200000 a 4500 | ||
|---|---|---|---|
| 001 | UCJ2880 | ||
| 003 | CL-VaPUC | ||
| 008 | 070119e19780000MX |||||||||||||||||spa|d | ||
| 082 | 0 | 4 | |a 467.972 |b MOR |2 21 |
| 100 | |a Moreno de Alba, José G. |e autor |9 503915 | ||
| 245 | 1 | 0 | |a Valores de las formas verbales en el español de México |
| 250 | |a 1a. ed | ||
| 300 | |a 254 p | ||
| 942 | |c BK | ||
| 945 | |d 20070119 00:00:00 |a jtorresc | ||
| 260 | |a Ciudad de México |b Universidad Nacional Autónoma de México |c 1978 | ||
| 500 | |a Donación de la Dra. Marianne Peronard Thierry | ||
| 650 | 7 | |a DIALECTOS |2 CL-VaPUC |9 348323 | |
| 650 | 0 | |a Gramática española |9 403055 | |
| 650 | 7 | |a LINGUISTICA DESCRIPTIVA |2 CL-VaPUC |9 503916 | |
| 651 | 0 | |a México |9 255269 | |
| 583 | |a last modification |c 20070119 00:00:00 |k Rodrigo Vera | ||
| 999 | |c 319009 |d 319007 | ||
| 952 | |0 0 |1 0 |4 0 |6 467_972000000000000_MOR_1978 |7 0 |8 A |9 397236 |a FDOPOS |b FDOPOS |d 2019-11-22 |i 4317653 |o 467.972 MOR 1978 |p 4317653 |r 2025-01-22 |w 2019-11-22 |y BK |k MLA | ||